000 00706nam a22002177a 4500
999 _c63714
_d63714
005 20240530110655.0
008 171219s2016 ua g b 000 0dara d
017 _a2016/1712
_bمصر. دار الكتب
020 _a9789777950367
040 _aEG-CaGPL
_cEG-CaGPL
082 0 4 _221
_a213\
_bأ ن
100 0 _aاحمد الشهاوى
245 1 0 _aنواب الله /
_cاحمد الشهاوى .
250 _aط.1
260 _aالقاهرة :
_bالدار المصرية اللبنانية ،
_c2016 .
300 _a319 ص. ؛
_c22 سم.
600 0 _aسيد قطب
650 0 7 _2qrmak
_aالاسلام والسياسة
942 _2ddc
_cBK